000 01138nam a22002777a 4500
003 dpl
005 20180723130157.0
008 180723b xxu||||| |||| 00| 0 eng d
010 _aA-969192
020 _c90.00
035 _aA-969192, A-969217
037 _bCen Lib/Ret
040 _aDPL
_bHN
_c0
082 _a
_bबुद्धिरा
100 _aबुद्धिराजा, राज
_943331
245 _aपारो खुश है /
_cराज बुद्धिराजा
246 _aParo khush hai /
_bby Raj Buddhiraja
260 _aनयी दिल्ली
_bपीताम्बरा प्रकाशन
_c1999
270 _bदिल्ली
_a५६-ए, एम. आई. ज़ी. फ्लैट्स, मोतिया खान
_e110044
300 _a80पृ.:
_c21सेमी (सजिल्द)
_bसचित्र
650 _aहिन्दी साहित्य
_952706
650 _aकहानी संग्रह
_952707
650 _aHindi literature
_952708
650 _aStory collection
_952709
942 _2ddc
_cHN
_h
_mबुद्धिरा
999 _c113537
_d113537